Čo má vedieť mzdová účtovníčka... O zdravotnom poistení

Saved in:
Bibliographic Details
Main Author: Božíková, Marcela
Format: Book
Language:Slovak
Published: Žilina AJFA+AVIS 1995
Edition:1. vyd.
Series:Praktické príručky pre podniky a podnikateľov Zv.3
Subjects:
Tags: Add Tag
No Tags, Be the first to tag this record!

MARC

LEADER 00000nam a2200000 4500
001 c010772
005 20221214070822.8
020 |a 80-967198-7-4 
041 0 |a slo 
044 |a SK 
245 1 0 |a Čo má vedieť mzdová účtovníčka...  |b O zdravotnom poistení  |c Marcela Božíková 
250 |a 1. vyd. 
264 1 |a Žilina  |b AJFA+AVIS  |c 1995 
300 |a 160 s. 
490 1 |a Praktické príručky pre podniky a podnikateľov  |v Zv.3 
830 0 |a Praktické príručky pre podniky a podnikateľov  |v Zv.3 
610 2 0 |a poistenie zdravotné 
610 2 0 |a účtovníctvo 
610 2 0 |a mzdy 
100 1 |a Božíková, Marcela